000 00563nam a22001937a 4500
003 OSt
005 20140310182156.0
008 130831t xxu||||| |||| 00| 0 eng d
020 _a13913350X
050 _aCC 72
_b.P317 2005
082 _aHS 930.1
_bP277 1983
100 _4Patterson, Thomas
245 _aThe theory and practice of archaeology :
_b a workbook /
_c Thomas C. Petterson.
260 _aNew Jersey :
_b Prentice Hall Inc,
_c1983.
300 _a150 p.;
_c23.4 cm.
650 _a Archaeology
_xtheory
_915981
942 _2lcc
_cHS
999 _c10105
_d10105